Original X-Men Members - Statistics

General Stats
  • This quiz has been taken 37 times
  • The average score is 5 of 6
Answer Stats
Hint Answer % Correct
Hank McCoy Beast
97%
Scott Summers Cyclops
97%
Charles Xavier Professor X
97%
Bobby Drake Iceman
84%
Warren Worthington III Angel
81%
Jean Grey Marvel Girl
52%
No matching quizzes found
Score Distribution
Percent of People with Each Score
Percentile by Number Answered
Your Score History
You have not taken this quiz